Normal view MARC view

Entry Personal Name

Number of records used in: 1

001 - CONTROL NUMBER

  • control field: 15584

003 - CONTROL NUMBER IDENTIFIER

  • control field: OSt

005 - DATE AND TIME OF LATEST TRANSACTION

  • control field: 20250324210037.0

008 - FIXED-LENGTH DATA ELEMENTS

  • fixed length control field: 250324|| aca||aabn | a|a d

040 ## - CATALOGING SOURCE

  • Original cataloging agency: OSt
  • Transcribing agency: OSt

100 ## - HEADING--PERSONAL NAME

  • Personal name: Cemania, Charisma C., author

670 ## - SOURCE DATA FOUND

  • Source citation: Work cat.: (OSt): Cemania, Charisma C., author., Work habits and skills needed in food technology as percieved by the selected B>S>I>E Graduates of Cavite State University Rosario Campus S>Y 2001-2002 to 2002-2003, 2005